| 000 | 00397cam a2200181 4500 | ||
|---|---|---|---|
| 001 | D6598 | ||
| 008 | 090401t1963 xxu||||| |||| 00| 0 eng d | ||
| 035 | _a(Sirsi) u1815 | ||
| 041 | _aeng | ||
| 050 | _a711.026 | ||
| 100 | _aLeach, W. | ||
| 245 | _aThird schedule planning rights | ||
| 260 |
_bEstates Gazette _c1963 |
||
| 300 | _a70p | ||
| 350 | _a0.63 | ||
| 942 | _n0 | ||
| 948 | _c04/03/1997 | ||
| 999 |
_c85699 _d85699 |
||